000 00301nam a22001337a 4500
008 170213b xxu||||| |||| 00| 0 eng d
020 _a9780072833492
041 _aeng
080 _a61
100 _a4
101 _aSHM
245 _aETHICAL ISSUES IN MODERN MEDICINE
_cSTEINBOCK, B
942 _2udc
_cBK
999 _c5286
_d5286